000 01337nam a22002777a 4500
005 20140325105309.0
008 140325t2001 enkado gr|||| 00| 0 ENG d
020 _a2831706122
041 _aeng
044 _aenk
082 _a333.72
_bS221t
100 1 _aSandwith, Trevor
_923090
242 1 0 _aÁreas protegidas transfronterizas para la paz y la cooperación
_bbasada en las actas de los talleres que se llevaron acabo en Bormio (1998) y Gland (2000)
_cTrevor Sandwith, Clare Shine, Lawrence Hamilton, David Sheppard
_yspa
245 1 0 _aTransboundary protected areas for peace and co-operation
_bbased on the proceedings of workshops held in Bormio (1998) and Gland (2000)
_cTrevor Sandwith, Clare Shine, Lawrence Hamilton, David Sheppard
260 3 _aCambridge
_bThe World Conservation Union
_c2001
300 _a111 p.
_bil., mapas, tablas
_c30 cm
504 _aIncluye bibliografía (páginas 109 - 111)
590 _a242 traducción de la agencia catalogadora
650 0 _aÁreas protegidas
_vCongresos
_923091
650 0 _aConservación de la biodiversidad
_vCongresos
_xCooperación internacional
_923092
650 0 _aProtección ambiental
_vCongresos
_xCooperación internacional
_923093
700 1 _aShine, Clare
_99474
700 1 _aHamilton, Lawrence
_923094
700 1 _aSheppard, David
_923095
942 _2ddc
_cImpreso
999 _c8310
_d8310